| 000 | 00737nab a2200253 a 4500 | ||
|---|---|---|---|
| 005 | 20210219161911.0 | ||
| 008 | 991125s1985 mx 000 0 spa u | ||
| 035 | _aUPN01000194130 | ||
| 100 | 1 |
_aBruno-Jofré, Rosa, _d1946- |
|
| 100 | 1 | _ubrunojor@queensu.ca. | |
| 222 | _aBORDON : | ||
| 222 | _bREVISTA DE PEDAGOGIA | ||
| 245 | _aEl educando como sujeto y el lugar del juego en el debate educativo de finales del siglo XIX en Norteamérica | ||
| 260 | _aMadrid, España | ||
| 300 | _a21-36 | ||
| 362 | 0 | _a2013 Vol. 65, no. 1, ene.-mar. | |
| 653 | 0 | _aJUEGO | |
| 653 | 0 | _aHISTORIA EDUCATIVA | |
| 653 | 0 | _aYO | |
| 653 | 0 | _aESTADOS UNIDOS DE AMERICA | |
| 700 | 1 | _aJover, Gonzalo, | |
| 700 | 1 | _ecoaut. | |
| 905 | _aArticulo | ||
| 999 |
_c166231 _d166231 |
||